| 000 | 01187nam0a22002891 4500 | ||
|---|---|---|---|
| 001 | rc\4035806 | ||
| 005 | 20130415134734.4 | ||
| 021 |
_aRU _b[53-3030] |
||
| 035 | _a(NLR Aleph) 008095515 | ||
| 090 |
_a9210886 _c9210886 |
||
| 100 | _a20130415d1952 |||y0rusy50 ca | ||
| 101 | 1 |
_arus _carm |
|
| 102 | _aRU | ||
| 105 | _ay z ||||| | ||
| 200 | 1 |
_aЛенин и Сталин в армянском народном творчестве _e[Сборник произведений _fПер. с арм. Н. Адамяна и др. _gСост., ред. арм. текста и предисл. А. Ганаланяна] |
|
| 210 |
_aЕреван _cАйпетрат _d1952 |
||
| 215 |
_a144 с. _d22 |
||
| 606 |
_aАрмянский фольклор _jСборники _2psbo |
||
| 702 | 1 |
_aГаналанян _bА. Т. _gАрам Тигранович _4220 _4340 _4080 |
|
| 702 | 1 |
_aЛенин _bВ. И. _f1870-1924 _gВладимир Ильич _4570 |
|
| 702 | 1 |
_aАдамян _bН. _4730 |
|
| 702 | 1 |
_aСталин _bИ. В. _f1878-1953 _gИосиф Виссарионович _4570 |
|
| 801 | 0 |
_aRU _bNLR _gpsbo |
|
| 801 | 1 |
_aRU _bELAR _2rusmarc |
|
| 852 |
_aNLR _jЛ20 Г-5/338 |
||
| 942 | _cBOOK | ||
| 980 | _aNB | ||